Normal view
MARC view
- أبوحسان، محمد
Entry Personal Name
001 - CONTROL NUMBER
- control field: 33598
003 - CONTROL NUMBER IDENTIFIER
- control field: JO-AjAnu
005 - DATE AND TIME OF LATEST TRANSACTION
- control field: 20230606075633.0
008 - FIXED-LENGTH DATA ELEMENTS
- fixed length control field: 230606|| aca||aabn | a|a d
040 ## - CATALOGING SOURCE
- Original cataloging agency: JO-AjAnu
- Transcribing agency: JO-AjAnu
100 ## - HEADING--PERSONAL NAME
- Personal name: أبوحسان، محمد
670 ## - SOURCE DATA FOUND
- Source citation: Work cat.: (JO-AjAnu)17260: أبوحسان، محمد, author, دور الحضارة العربية الاسلامية في تكوين الحضارة الغربية: مقارنة مع الحضارتين اليونانية والرومانية = the Role of arab - Islamic of civilization in the making of western civilization